Rzeczowniki z Ę na drugim miejscu - Statystyki

Ogólne statystyki
  • Ten quiz został rozwiązany 29 razy
  • Średni wynik to 11 z 24
Statystyki odpowiedzi
Odpowiedź % Poprawnych
ręka
89%
męka
78%
lęk
72%
zęby
72%
bęben
61%
sęk
61%
sęp
61%
wędka
61%
kęs
56%
dętka
50%
jęk
50%
gęś
44%
pęd
44%
węgorz
39%
cętka
33%
język
33%
mężczyzna
33%
węch
33%
sędzia
28%
tęcza
28%
wędrówka
22%
jęczmień
17%
tęsknota
17%
węzeł
11%
Nie znaleziono quizów pasujących do podanych kryteriów
Rozkład punktacji
Procent ludzi z każdym wynikiem
Percentyl według liczby udzielonych odpowiedzi
Twoja historia wyników
Nie rozwiązałeś tego quizu